000 00296nam a22001217a 4500
999 _c6056
_d6056
245 _aCustoms Act, 2016 (Act 923): amendment.
_cby Republic of Ghana
246 _aAct 923
260 _aAccra
_bAssembly press
300 _a6p.
440 _aActs of Parliament
650 _aCustoms Act
942 _cREF